Principios matemáticos de la filosofía natural

Furkejuvvon:
Bibliográfalaš dieđut
Váldodahkki: Newton, Isaac (autor)
Materiálatiipa: Girji
Giella:espánnjágiella
Almmustuhtton: Madrid Alianza 1987
Ráidu:Alianza Universidad Ciencias, 512
Fáttát:
Fáddágilkorat: Lasit fáddágilkoriid
Eai fáddágilkorat, Lasit vuosttaš fáddágilkora!

MARC

LEADER 00000nam a2200000 a 4500
001 UCW0688
003 CL-VaPUC
008 881007e19870000SP |||||||||||||||||spa|d
082 0 4 |a 531  |b NEW  |2 21 
100 |a Newton, Isaac  |e autor  |9 875665 
245 1 0 |a Principios matemáticos de la filosofía natural 
300 |a 2 v 
942 |c BK 
945 |d 19881007 00:00:00  |a mfernand 
260 |a Madrid  |b Alianza  |c 1987 
500 |a v.1: Introducción y Libro I 
500 |a v.2: Libro II y Libro III 
650 0 |a Mecánica   |9 260096 
650 7 |a MECANICA CELESTE  |2 CL-VaPUC  |9 269941 
650 0 |a Optica   |9 263171 
650 7 |a OBRAS ANTERIORES A 1800  |2 CL-VaPUC  |9 265809 
650 7 |a TEORIA ONDULATORIA DE LA LUZ  |2 CL-VaPUC  |9 269942 
583 |a last modification  |c 19881007 00:00:00  |k Rodrigo Vera 
490 0 |a Alianza Universidad Ciencias, 512 
999 |c 215758  |d 215756 
952 |0 0  |1 0  |4 0  |6 531_000000000000000_NEW_1987  |7 0  |8 A  |9 200595  |a BIBCUR  |b BIBCUR  |d 2019-11-14  |h v.1  |i 2678322  |l 1  |o 531 NEW 1987  |p 2678322  |r 2025-04-22  |s 2022-09-28  |w 2019-11-14  |y BK  |k FIS 
952 |0 0  |1 0  |4 0  |6 531_000000000000000_NEW_1987  |7 0  |8 A  |9 200596  |a BIBCUR  |b BIBCUR  |d 2019-11-14  |h v.2  |i 2678330  |o 531 NEW 1987  |p 2678330  |r 2025-04-22  |w 2019-11-14  |y BK  |k FIS 
952 |0 0  |1 0  |4 0  |6 531_000000000000000_NEW_1987  |7 0  |8 A  |9 200597  |a BIBMAT  |b BIBMAT  |d 2019-11-14  |h v.1  |i 2678365  |o 531 NEW 1987  |p 2678365  |r 2025-01-07  |w 2019-11-14  |y BK  |k MAT 
952 |0 0  |1 0  |4 0  |6 531_000000000000000_NEW_1987  |7 0  |8 A  |9 200598  |a BIBMAT  |b BIBMAT  |d 2019-11-14  |h v.2  |i 2678373  |o 531 NEW 1987  |p 2678373  |r 2025-01-07  |w 2019-11-14  |y BK  |k MAT